000 01012nam a2200277Ia 4500
003 OSt
005 20221005110942.0
006 a|||||r|||| 00| 0
007 ta
008 221004b |||||||| |||| 00| 0 hin d
020 _a9788183610940 (hbk)
_c150
024 _a8830
037 _b318, 30/01/2014, Eastern Book Linkers
_cTextual
040 _aCRL
_cCRL
_bhin
041 _2hin
_ahin
082 _aO152,3M80:g, Q1
100 _aमदान, इन्द्रनाथ
245 0 _aप्रेमचंद एक विवेचन
246 _aPremachanda ek vivechana
260 _aनई दिल्ली
_bराधकृष्ण भारत
_c2011
300 _a164पृ0
_ccm.
490 _aथ्ल्न्च् क्ब्.1 भ्प्छ
650 _aहिन्दी साहित्य
942 _hO152,3M80:g, Q1
_cTEXL
_2cc
999 _c1020353
_d1020353